| 000 | 00387nam a22001577a 4500 | ||
|---|---|---|---|
| 999 |
_c8798 _d8798 |
||
| 003 | OSt | ||
| 008 | 200710b ||||| |||| 00| 0 eng d | ||
| 082 | _a615.1901KAP | ||
| 100 | _aKasture , AV | ||
| 245 | _aPharmaceutical Analysis Vol-2 | ||
| 250 | _a2019 | ||
| 260 |
_aNew Delhi _bNirali |
||
| 300 | _a28.6 | ||
| 650 | _aPharmaceutical Analysis and Quality Assurance | ||
| 942 |
_2ddc _cBK |
||